000 00445nam a2200169Ia 4500
005 20250508155853.0
008 008 250505s9999 xx 000 0 hin d
037 _aTextual
040 _aFEDL
_beng
_cFEDL
041 _ahin
_2hin
084 _aFH, MIS
_qFEDL
100 _aMishra Rudr Dutt
_9767733
245 0 _aHamare pakshi
260 _aDelhi, India
_bRajpal and Sons
942 _cTEXL
_hFH, MIS
999 _c1359755
_d1359755